Your road to recovery
Saved in:
| Main Author: | |
|---|---|
| Format: | Book |
| Language: | English |
| Published: |
Thomas Nelson
1986
|
| Tags: |
Add Tag
No Tags, Be the first to tag this record!
|
MARC
| LEADER | 00000nam a22000007a 4500 | ||
|---|---|---|---|
| 008 | 210121b ||||| |||| 00| 0 eng d | ||
| 020 | |a 0-8407-9058-9 | ||
| 100 | |a ROBERTS, Oral | ||
| 245 | |a Your road to recovery |c Oral Roberts |g 194p. | ||
| 260 | |b Thomas Nelson |c 1986 |h Nashville, USA |i 691465 |l BT732.5.R54 |m Spiritual healing | ||
| 942 | |a lcc |c BK |e Ogunmilade F.T. |f 21/1/2021 | ||
| 952 | |0 0 |1 0 |2 lcc |4 0 |6 BT07325 R54 |7 0 |9 1369 |a HOL |b HOL |c AF |d 2021-01-21 |l 0 |o BT732.5R54 |p 2021-0174 |r 2021-01-21 00:00:00 |t 691465 |w 2021-01-21 |y BK | ||
| 999 | |c 714 |d 714 | ||